Guess the Manchester City player 4 - Statistics

General Stats
  • This quiz has been taken 70 times
  • The average score is 11 of 20
Answer Stats
Picture Answer % Correct
Manuel Akanji
95%
Kasper Schmeichel
87%
Stefan Ortega
84%
Benjamin Mendy
79%
Jesús Navas
75%
Angeliño
72%
Zack Steffen
72%
Jérôme Boateng
70%
Bacary Sagna
56%
Wilfried Bony
52%
Eliaquim Mangala
49%
Fernando
49%
James Mcatee
43%
Stevan Jovetic
43%
Daniel Sturridge
38%
Matija Nastasic
30%
Craig Bellamy
16%
Daniel Van Buyten
16%
Wayne Bridge
16%
Emile Mpenza
10%
No matching quizzes found
Score Distribution
Percent of People with Each Score
Percentile by Number Answered
Your Score History
You have not taken this quiz